| 000 -LEADER |
| fixed length control field |
00489nam a2200145 4500 |
| 003 - CONTROL NUMBER IDENTIFIER |
| control field |
OSt |
| 005 - DATE AND TIME OF LATEST TRANSACTION |
| control field |
20260121162609.0 |
| 008 - FIXED-LENGTH DATA ELEMENTS--GENERAL INFORMATION |
| fixed length control field |
260121b xxua|||| |||| 00| 0 eng d |
| 040 ## - CATALOGING SOURCE |
| Transcribing agency |
csu |
| 245 ## - TITLE STATEMENT |
| Title |
The little match girl |
| 260 ## - PUBLICATION, DISTRIBUTION, ETC. (IMPRINT) |
| Place of publication, distribution, etc |
[Place of publication not identified] : |
| Name of publisher, distributor, etc |
name of [publisher not identified], |
| Date of publication, distribution, etc |
[date of publication not identified]. |
| 300 ## - PHYSICAL DESCRIPTION |
| Extent |
30 pages: |
| Other physical details |
illustrations. |
| 500 ## - GENERAL NOTE |
| General note |
No author, publisher, place of publication, or date identified. |
| 942 ## - ADDED ENTRY ELEMENTS (KOHA) |
| Koha item type |
Books |
| Source of classification or shelving scheme |
|